| 000 | 00943nac a22002291u 4500 | ||
|---|---|---|---|
| 010 | _a 2006281523 | ||
| 020 | _a0131863126 | ||
| 082 |
_a620.1123 _bDOW |
||
| 090 |
_c8842 _d8842 |
||
| 100 | _aDowling, Norman E. | ||
| 245 | 1 | 0 |
_aMechanical behavior of materials : _bengineering methods for deformation, fracture, and fatigue / _cNorman E. Dowling. |
| 250 | _a3rd ed. | ||
| 260 |
_aUpper Saddle River, N.J. : _bPearson/Prentice Hall,2007 _cc2007. |
||
| 300 |
_axvii, 912 p. : _bill. ; _c25 cm. |
||
| 500 | _adistributer: Baccah. | ||
| 504 | _aIncludes bibliographical references (p. 878-890) and index. | ||
| 511 | _aCatalogued By: Mahitab. | ||
| 650 | 0 | _aMaterials. | |
| 650 | 0 |
_aMaterials _xTesting. |
|
| 856 | 4 | 1 |
_3Table of contents only _uhttp://www.loc.gov/catdir/toc/fy0705/2006281523.html |
| 942 |
_cBB _k620.1123DOW |
||
| 999 |
_c8842 _d8842 |
||